| 000 | 01103nam a2200373 i 4500 | ||
|---|---|---|---|
| 001 | 4387 | ||
| 003 | KOSZ 005 | ||
| 005 | 20211130121539.0 | ||
| 008 | 961010s1990 uk f f |000 0 eng d | ||
| 020 | _a0194376575 | ||
| 040 |
_cKOSZ 005 _aKOSZ 005 _dKOSZ 005/HR |
||
| 041 | _apol | ||
| 046 | _k1990 | ||
| 080 | _a811.111 | ||
| 080 | _a004 | ||
| 080 | _a(07) | ||
| 100 | 1 |
_aMullen, Norma D. _eAutor |
|
| 245 | 1 | 0 |
_aEnglish for computer science : _banswer book / _cNorma D. Mullen, Charles P. Brown. |
| 250 | _a3rd impr. | ||
| 260 |
_aOxford : _bOxford University Press, _c1990. |
||
| 300 |
_a44 s. ; _c24 cm. |
||
| 380 | _aKsiążki | ||
| 388 | _a1901-2000 | ||
| 388 | _a1989-2000 | ||
| 650 | 4 | _aJęzyk angielski | |
| 650 | 4 | _aInformatyka | |
| 650 | 4 | _aTerminologia | |
| 655 | _aPodręcznik | ||
| 658 | _aJęzykoznawstwo | ||
| 658 | _aInformatyka i technologie informacyjne | ||
| 700 | 1 |
_aBrown, Charles P. _eAutor |
|
| 856 |
_uhttp://koha.tu.koszalin.pl/cgi-bin/koha/opac-detail.pl?biblionumber=4387 _yKatalog online BPK |
||
| 942 |
_cKS _2UKD |
||
| 999 |
_c4387 _d4387 |
||